000 00415nam a2200121 a 4500
008 120416s1984 xx |||||||||||||| || u
050 _aNA 9031 Hed
100 _aHedman, Richard
245 1 0 _aFundamentals of human design
260 _c1984
350 _a0.00
995 _D0.00
_FCBU-MAIN LIBRARY (Kitwe)
_H1
_I19.95
_UAVAILABLE
_ZMain Library Open Access Collection
999 _c44159
_d44159